00657nam a2200109Ia 4500008004100000020001800041245012700059260003900186650001700225650026400242856004100506171212s9999 xx 000 0 und d a9781607325734 ceditor Douglass, John G.;Graves, WilliamaNew Mexico and the Pimería AltabThe Colonial Period in the American Southwest bUniversity Press of Coloradoc2017 aAnthropology aSpaniards -- Pimería Alta (Mexico and Ariz.) -- History; Spaniards -- Southwest, New -- History; Indians of North America -- First contact with Europeans -- Pimería Alta (Mexico and Ariz.) -- History; Indians of North America -- First contact with Europea uhttp://jstor.org/stable/j.ctt1mmftg6